Catálogo de la Biblioteca Horacio González - Universidad Nacional de General Sarmiento

Patricios Argentina : (Registro nro. 53989)

Detalles MARC
000 -CABECERA
campo de control de longitud fija 01503ngm a22003610a 4500
001 - NÚMERO DE CONTROL
campo de control PT47775
003 - IDENTIFICADOR DEL NÚMERO DE CONTROL
campo de control AR-LpoUNG
005 - FECHA Y HORA DE LA ÚLTIMA TRANSACCIÓN
campo de control 20210202000030.0
007 - CAMPO FIJO DE DESCRIPCIÓN FÍSICA--INFORMACIÓN GENERAL
campo de control de longitud fija vd cvaizq
008 - DATOS DE LONGITUD FIJA--INFORMACIÓN GENERAL
campo de control de longitud fija 191001s2003||||ag |||||||||||||||||spa d
037 ## - FUENTE DE ADQUISICIÓN
Condiciones de disponibilidad $2,50
040 ## - FUENTE DE LA CATALOGACIÓN
Centro catalogador/agencia de origen AR-LpoUNG
Lengua de catalogación spa
Centro/agencia transcriptor AR-LpoUNG
Normas de descripción aacr
041 ## - CÓDIGO DE LENGUA
Código de lengua del texto/banda sonora o título independiente spa
044 ## - CÓDIGO DEL PAÍS DE LA ENTIDAD EDITORA/PRODUCTORA
Código MARC del país ag
082 0# - NÚMERO DE LA CLASIFICACIÓN DECIMAL DEWEY
Número de clasificación 792.028 436pat
100 1# - ENTRADA PRINCIPAL--NOMBRE DE PERSONA
Nombre de persona Rest, Marcelo
Término indicativo de función/relación dir.
245 10 - MENCIÓN DE TÍTULO
Título Patricios Argentina :
Resto del título primer encuentro nacional de teatro comunitario
260 ## - PUBLICACIÓN, DISTRIBUCIÓN, ETC.
Lugar de publicación, distribución, etc. Buenos Aires :
Nombre del editor, distribuidor, etc. ADN,
Fecha de publicación, distribución, etc. 2003.
300 ## - DESCRIPCIÓN FÍSICA
Extensión DVD (ca. 42 min.) : son., col.
505 0# - NOTA DE CONTENIDO CON FORMATO
Nota de contenido con formato Cámara: Ignacio Masllorens. Caminante: Diego Cáceres. Locución: Jorge Jeifetz. Estreno: diciembre 2003.
520 ## - SUMARIO, ETC.
Sumario, etc. Durante dos días de diciembre de 2003 en un pueblo apartado a 260 km. de Capital Federal confluyen siete grupos de teatro comunitario en lo que se llamó el Primer Encuentro Nacional de Teatro Comunitario. Trescientos cincuenta actores-vecinos, entre ellos cincuenta habitantes de Patricios, y gran cantidad de público rescatan la memoria colectiva y cuestionan el presente. Un hombre de traje negro, un caminante, llega al pueblo en el momento del evento y es testigo de la sorpresa, el caos, la magia, el espíritu de fiesta.
650 #4 - PUNTO DE ACCESO ADICIONAL DE MATERIA--TÉRMINO DE MATERIA
Término de materia o nombre geográfico como elemento de entrada ARGENTINA
650 #4 - PUNTO DE ACCESO ADICIONAL DE MATERIA--TÉRMINO DE MATERIA
Término de materia o nombre geográfico como elemento de entrada CULTURA
650 #4 - PUNTO DE ACCESO ADICIONAL DE MATERIA--TÉRMINO DE MATERIA
Término de materia o nombre geográfico como elemento de entrada CULTURA POPULAR
650 #4 - PUNTO DE ACCESO ADICIONAL DE MATERIA--TÉRMINO DE MATERIA
Término de materia o nombre geográfico como elemento de entrada TEATRO
651 #4 - PUNTO DE ACCESO ADICIONAL DE MATERIA--NOMBRE GEOGRÁFICO
Nombre geográfico Argentina
653 ## - TÉRMINO DE INDIZACIÓN--NO CONTROLADO
Término no controlado CINE ARGENTINO
653 ## - TÉRMINO DE INDIZACIÓN--NO CONTROLADO
Término no controlado DOCUMENTALES
653 ## - TÉRMINO DE INDIZACIÓN--NO CONTROLADO
Término no controlado DVD
653 ## - TÉRMINO DE INDIZACIÓN--NO CONTROLADO
Término no controlado VIDEOS
905 ## - ELEMENTOS DE DATOS E LOCAL, LDE (RLIN)
a 47775
942 ## - ELEMENTOS DE PUNTO DE ACCESO ADICIONAL (KOHA)
Tipo de ítem Koha DVD
Existencias
Estado de retiro Estado de pérdida Estado dañado No para préstamo Código de colección Localización permanente Ubicación/localización actual Fecha de adquisición Total de préstamos Signatura topográfica completa Código de barras Fecha visto por última vez Precio válido a partir de Tipo de ítem Koha
        Colección Cine Biblioteca Universidad Nacional de General Sarmiento Biblioteca Universidad Nacional de General Sarmiento 02/02/2021   792.028 436pat 00052589 02/02/2021 02/02/2021 DVD
        Colección Cine Biblioteca Universidad Nacional de General Sarmiento Biblioteca Universidad Nacional de General Sarmiento 02/02/2021   792.028 436pat 00053118 02/02/2021 02/02/2021 DVD